000
00213nam a22001097a 4500
999
_c
251321
_d
251321
020
_a
9780070648197
100
_a
Raymond Chang
245
_a
Chemistry
250
_a
9th ed
260
_c
2010
_a
Delhi
942
_c
BK